000 00734nam a2200289Ia 4500
005 20260324124549.0
008 008 260324s9999 xx 000 0 eng d
020 _a9780429213137
037 _aEBOOK
040 _aCRL
040 _beng
040 _cCRL
041 _2eng
041 _aeng
084 _qCRL
100 _aMattheus F.A. Goosen; Evens Emmanuel; Eddie N. Laboy-Nieves
_91174638
245 0 _aEnvironmental and Human Health
245 0 _bRisk Management in Developing Countries
260 _bTaylor and Francis
260 _c2010
365 _a
365 _b435
856 _uhttp://www.taylorfrancis.com/books/9780429213137
942 _cEBOOK
999 _c1769116
_d1769116